Curso de derecho comercial /

Guardado en:
Autor Principal: Castillo, Ramón S.
Formato: Libro
Idioma:Spanish
Publicado: Buenos Aires, 1932
Etiquetas: Agregar Etiqueta
Sin Etiquetas, Sea el primero en etiquetar este registro!
LEADER 00327nam a22001095a 4500
001 DER.der012816
005 20160916000000.0
008 180615s1932####||||||||||||||||||||spa||
100 1 |a Castillo, Ramón S. 
245 1 0 |a Curso de derecho comercial /  |c Ramón S. Castillo 
260 |a Buenos Aires,  |c 1932 
859 |a DERECHO  |b BIB. DERECHO  |h 346  |i CAS  |p 007638